Подробности
| 000 -МАРКЕР |
| контрольное поле |
03124nam0a22003731 4500 |
| 001 - ИДЕНТИФИКАТОР ЗАПИСИ |
| контрольное поле |
v19\rc\1631529 |
| 005 - ИДЕНТИФИКАТОР ВЕРСИИ |
| контрольное поле |
20260407142745.0 |
| 035 ## - ДРУГИЕ СИСТЕМНЫЕ НОМЕРА |
| Идентификатор записи |
(NLR Aleph) 004746705 |
| 100 ## - ДАННЫЕ ОБЩЕЙ ОБРАБОТКИ |
| Данные общей обработки |
20061002d1899 |||y0rusy50 ca |
| 101 0# - ЯЗЫК РЕСУРСА |
| Язык текста, звукозаписи и т.д. |
русский |
| 102 ## - СТРАНА ПУБЛИКАЦИИ ИЛИ ПРОИЗВОДСТВА |
| Страна публикации |
Российская Федерация |
| 105 ## - ПОЛЕ КОДИРОВАННЫХ ДАННЫХ: ТЕКСТОВЫЕ МАТЕРИАЛЫ, МОНОГРАФИЧЕСКИЕ |
| Кодированные данные о монографическом текстовом документе |
y z ||||| |
| 200 1# - ЗАГЛАВИЕ И СВЕДЕНИЯ ОБ ОТВЕТСТВЕННОСТИ |
| Основное заглавие |
Торжественное празднование медицинскими обществами г. Одессы столетнего юбилея Военно-медицинской академии |
| 210 ## - ПУБЛИКАЦИЯ, РАСПРОСТРАНЕНИЕ И ДР. |
| Место издания, распространения и т.д. |
Одесса |
| Имя издателя, распространителя и т. д. |
"Славянская" тип. Н. Христогелос |
| Дата издания, распространения и т.д. |
1899 |
| 215 ## - ФИЗИЧЕСКАЯ ХАРАКТЕРИСТИКА |
| Специфическое обозначение материала и объем |
[6], 43 с. |
| Размеры |
25 |
| 327 1# - ПРИМЕЧАНИЯ О СОДЕРЖАНИИ |
| Текст примечания |
Содерж.: Протокол торжественного заседания 18-го декабря 1898 года Общества русских врачей совместно с Обществом одесских врачей и Бальнеологическим. Речи П.Н. Диатроптова, Г.Т. Духновского, Н.Ф. Гамалеи. Историческая записка А.Н. Дмитриева |
| 464 #0 - АНАЛИТИЧЕСКИЙ УРОВЕНЬ |
| Встроенное поле |
2001#$aПротокол торжественного заседания 18-го декабря 1898 года Общества русских врачей совместно с Обществом одесских врачей и Бальнеологическим |
| Заглавие |
Протокол торжественного заседания 18-го декабря 1898 года Общества русских врачей совместно с Обществом одесских врачей и Бальнеологическим |
| 464 #0 - АНАЛИТИЧЕСКИЙ УРОВЕНЬ |
| Встроенное поле |
2001#$aРечь П.Н. Диатроптова |
| -- |
700#1$aДитатроптов$bП.Н. |
| Заглавие |
Речь П.Н. Диатроптова |
| Автор |
Дитатроптов, П.Н. |
| 464 #0 - АНАЛИТИЧЕСКИЙ УРОВЕНЬ |
| Встроенное поле |
2001#$aРечь Г.Т. Духновского |
| -- |
700#1$aДухновский$bГ.Т. |
| Заглавие |
Речь Г.Т. Духновского |
| Автор |
Духновский, Г.Т. |
| 464 #0 - АНАЛИТИЧЕСКИЙ УРОВЕНЬ |
| Встроенное поле |
2001#$aРечь Н.Ф. Гамалеи |
| -- |
700#1$aГамалея$bН.Ф.$f1859-1949$gНиколай Федорович |
| Заглавие |
Речь Н.Ф. Гамалеи |
| Автор |
Гамалея, Николай Федорович (1859-1949) |
| 464 #0 - АНАЛИТИЧЕСКИЙ УРОВЕНЬ |
| Встроенное поле |
2001#$aИсторическая записка А.Н. Дмитриева |
| -- |
700#1$aДмитриев$bА.Н.$f1865-$gАлександр Николаевич |
| Заглавие |
Историческая записка А.Н. Дмитриева |
| Автор |
Дмитриев, Александр Николаевич (1865-) |
| 532 12 - РАСШИРЕННОЕ ЗАГЛАВИЕ |
| Заглавие |
Торжественное празднование медицинскими обществами города Одессы столетнего юбилея Военно-медицинской академии |
| 712 02 - НАИМЕНОВАНИЕ ОРГАНИЗАЦИИ - ВТОРИЧНАЯ ОТВЕТСТВЕННОСТЬ |
| Начальный элемент ввода |
Военно-медицинская академия |
| Идентифицирующий признак |
Петербург |
| Идентификатор авторитетной/нормативной записи |
RU\NLR\AUTH\8810013557 |
| Системный номер авторитетной/нормативной записи |
525018 |
| 801 #0 - ИСТОЧНИК ЗАПИСИ |
| Страна |
Российская Федерация |
| Организация |
NLR |
| Правила каталогизации |
psbo |
| 801 #0 - ИСТОЧНИК ЗАПИСИ |
| Страна |
Российская Федерация |
| Организация |
RuMoRGB |
| Источник данных |
psbo |
| 801 #1 - ИСТОЧНИК ЗАПИСИ |
| Страна |
Российская Федерация |
| Организация |
ProSoft-M |
| Источник данных |
rusmarc |
| 852 ## - МЕСТОНАХОЖДЕНИЕ И ШИФР ХРАНЕНИЯ |
| Идентификатор организации |
NLR |
| Шифр хранения (Call Number) |
20.100.4.163 |
| 899 ## - ДАННЫЕ О МЕСТОНАХОЖДЕНИИ (устаревшее) |
| Местонахождение |
RuMoRGB |
| Шифр хранения |
F 60/270 |
| 899 ## - ДАННЫЕ О МЕСТОНАХОЖДЕНИИ (устаревшее) |
| Местонахождение |
RuMoRGB |
| Шифр хранения |
U 292/1585 |
| 899 ## - ДАННЫЕ О МЕСТОНАХОЖДЕНИИ (устаревшее) |
| Местонахождение |
БАН |
| 899 ## - ДАННЫЕ О МЕСТОНАХОЖДЕНИИ (устаревшее) |
| Местонахождение |
НБ МГУ |
| 942 ## - ДОПОЛНИТЕЛЬНЫЕ ЭЛЕМЕНТЫ ЗАПИСИ (АБИС) |
| Тип экземпляра АБИС |
Книга |
| 980 ## - КОЛЛЕКЦИЯ |
| Название коллекции |
Национальная библиография |